Statistics for Multiple-Word Capitals: Click to Match

Click here to take the quiz!

General Stats

  • This quiz has been taken 63 times
  • The average score is 15 of 17

Answer Stats

HintAnswer% Correct
BuenosAires
100%
NewDelhi
98%
AbuDhabi
98%
KualaLumpur
98%
PhnomPenh
98%
AddisAbaba
95%
CapeTown
95%
SantoDomingo
93%
Port-au-Prince
93%
SãoTomé
93%
Andorra laVella
91%
LaPaz
89%
Port-of-Spain
89%
Bandar SeriBegawan
81%
Porto-Novo
79%
SouthTarawa
75%
Sri JayewardenepuraKotte
74%

Score Distribution

Percentile by Number Answered

Percent of People with Each Score

Your Score History

You have not taken this quiz